Linzer Häuserchronik 1941
| Titel: | Linzer Häuserchronik 1941 / Hanns Kreczi |
|---|---|
| Verfasser: | |
| Veröffentlicht: | Paderborn : Schlechter, [2009] |
| Umfang: | 1 CD-ROM |
| Format: | CD |
| Sprache: | Deutsch |
| Schriftenreihe/ mehrbändiges Werk: |
Adressbuch-Service. Spezialliteratur |
X
alg: 28079220 001A $03004:18-11-11 001B $01999:07-05-25 $t17:52:30.000 001D $03004:18-11-11 001U $0utf8 001X $00 002@ $0Sau 002C $aText $btxt $2rdacontent 002D $aComputermedien $bc $2rdamedia 002E $aComputerdisk $bcd $2rdacarrier 003@ $0280792204 003O $0761870906 $aOCoLC 007A $0HT016064771 $aHBZ 007T $0Herdhh280792204 010@ $ager 011@ $a2009 $n[2009] 013C $8CD-ROM [Ts1] $9085529915 013D $RFührer $#Directories $#Répertoires $#Repertorium Verzeichnis $74188171-0 $8Verzeichnis [Ts1] $9085925047 021A $aLinzer Häuserchronik 1941 $hHanns Kreczi 028A $BVerfasser $#Kreczi, Hans $4aut $712975594X $8Kreczi, Hanns$Z1912-2003 [Tp1] $9126367485 033A $pPaderborn $nSchlechter 034D $a1 CD-ROM 036G $aAdressbuch-Service. Spezialliteratur 044K $qHBZ $RUrfahr $#Linz $#Lentos Linz $#Lentia $#Lincia $#Stadtgemeinde Linz $#Stadt Linz $#Landeshauptstadt Linz $#Lincii $#Lentium $#Magistrat Linz $#Linz Österreich $#Linz an der Donau $#Linz Donau $74074255-6 $8Linz [Tg1] $9085209031 044K $qHBZ $RGebäude $#Home $#Habitations $#Wohnhaus $#Wohnbauten $#Wohngebäude $#Wohnhaus $#Häuser $74023693-6 $8Haus [Ts1] $9085058742 045F $a900.943609043 $eDDC23BSB 045F/01 $a900 045F/03 $f09043 045F/03 $f09044 045F/03 $g436 045G $a929.09436 $eDDC23BSB 045G/01 $a929 045G/03 $g436 lok: 28079220 24 101B $015-08-12 $t08:33:24.000 101C $015-08-12 101U $0utf8 145Z/01 $a21 8 L 1 145Z/02 $a21 7 N 145Z/03 $a21 1 B 145Z/04 $a21 4 D exp: 28079220 24 1 #EPN 201B/01 $015-08-12 $t08:33:51.000 201C/01 $018-11-11 201U/01 $0utf8 203@/01 $0633484997 208@/01 $a15-08-12 $bz 209A/01 $aCD-ROM 1201 $dd $f050 $hCD ROM 1201 $x00 209C/01 $a11.08774 K $h11 08774 K 209G/01 $a73070996 $x00 209G/01 $aNur für den Lesesaal HI $x01 220C/01 $ahae 247C/01 $8358050-7Marburg, Bibliothek des Herder-Instituts Marburg $9102600961 lok: 28079220 78 exp: 28079220 78 1 #EPN 201B/01 $019-04-17 $t22:02:14.000 201U/01 $0utf8 203@/01 $0793867479 208@/01 $a12-11-16 $be 209A/01 $a/ $f000 $x00 237A/01 $aweiterführende Signatur(en): Herder-Institut: CD-ROM 1201 244Z/01 $2Trx $8--Trx--Monographie $x01 $9391384546 245Z/01 $a06.04.03 $x01 247C/01 $82080>Marburg/Lahn, Herder-Institut, Forschungsbibliothek, Bibliographieportal $9336309341
| LEADER | 00000cam a2200000 c 4500 | ||
|---|---|---|---|
| 001 | 280792204 | ||
| 003 | DE-603 | ||
| 005 | 20250507175230.0 | ||
| 007 | c||||||||||||| | ||
| 008 | 111118s2009 xx |||| q| u00||u|ger c | ||
| 035 | |a (DE-599)HBZHT016064771 | ||
| 035 | |a (OCoLC)761870906 | ||
| 040 | |a DE-603 |b ger |c DE-603 |d DE-603 | ||
| 041 | |a ger | ||
| 082 | 0 | 4 | |8 1\u |a 900.943609043 |q DE-101 |2 23/BSB |
| 083 | 0 | |8 2\u |a 929.09436 |q DE-101 |2 23/BSB | |
| 085 | |8 1\u |b 900 | ||
| 085 | |8 1\u |z 1 |s 09043 | ||
| 085 | |8 1\u |z 1 |s 09044 | ||
| 085 | |8 1\u |z 2 |s 436 | ||
| 085 | |8 2\u |b 929 | ||
| 085 | |8 2\u |z 2 |s 436 | ||
| 100 | 1 | |a Kreczi, Hanns |d 1912-2003 |e Verfasser |4 aut |0 (DE-603)126367485 |0 (DE-588)12975594X |2 gnd | |
| 245 | 0 | 0 | |a Linzer Häuserchronik 1941 |c Hanns Kreczi |
| 264 | 1 | |a Paderborn |b Schlechter |c [2009] | |
| 300 | |a 1 CD-ROM | ||
| 336 | |a Text |b txt |2 rdacontent | ||
| 337 | |a Computermedien |b c |2 rdamedia | ||
| 338 | |a Computerdisk |b cd |2 rdacarrier | ||
| 490 | 0 | |a Adressbuch-Service. Spezialliteratur | |
| 650 | 7 | |a Haus |0 (DE-588)4023693-6 |0 (DE-603)085058742 |2 gnd | |
| 651 | 7 | |a Linz |0 (DE-588)4074255-6 |0 (DE-603)085209031 |2 gnd | |
| 655 | 7 | |a CD-ROM |2 gnd-carrier |0 (DE-588)4139307-7 |0 (DE-603)085529915 | |
| 655 | 7 | |a Verzeichnis |2 gnd-content |0 (DE-588)4188171-0 |0 (DE-603)085925047 | |
| 924 | 0 | |9 Mb 50 |a (DE-603)633484997 |b DE-Mb50 |c HES |d d |g CD-ROM 1201 |h Nur für den Lesesaal HI | |
| 924 | 0 | |9 2080 |a (DE-603)793867479 |b DE-2080 |c HES |d d |g / | |


